000 00341nam a2200157Ia 4500
003 OSt
005 20231107061752.0
008 170524s9999 xx 000 0 und d
020 _a9780070611948
040 _cIIMT UNIVERSITY
100 _aDHANDHERE K D
245 0 _aOPERATING SYSTEM
260 _bTMH
260 _c2002
942 _2ddc
_c02
999 _c5805
_d5805